000 00394nam a2200145Ia 4500
008 230917s9999||||xx |||||||||||||| ||und||
040 _e164869
_aMAIN
041 _aEnglish
082 _a891.432741 DJ169S
100 _aदलवी, जयवंत
245 0 _aसंध्याछाया
260 _aदिल्ली
_bलिपि
_c1977
300 _a105पृ. p.
942 _cHN
999 _c158223
_d158223